| 000 | 00564nam a2200217Ia 4500 | ||
|---|---|---|---|
| 005 | 20230318115702.0 | ||
| 008 | 131103s9999 xx 000 0 und d | ||
| 020 | _a713154713 | ||
| 040 | _aLoreto College | ||
| 041 | _aEnglish | ||
| 082 |
_a822.4 _bOTW-KEL |
||
| 100 | _aOtway,Thomas | ||
| 245 |
_aVenice preserved _cThomas Otway; edited by Malcolm Kelsall |
||
| 260 |
_aLondon _bEdward arnold _c1969 |
||
| 300 | _a116p. | ||
| 504 | _aIncludes index | ||
| 650 | _aEnglish literature | ||
| 700 | _aKelsall. Malcolm; ed. | ||
| 850 | _aLCLIB | ||
| 942 | _cBK | ||
| 999 |
_c21836 _d72315 |
||